| 000 | 00683 a2200277 4500 | ||
|---|---|---|---|
| 001 | 111499 | ||
| 003 | OSt | ||
| 005 | 20240403172202.0 | ||
| 008 | 240403b |||||||| |||| 00| 0 ENG d | ||
| 020 | _a0375922423 (lib. bdg.) | ||
| 020 | _a9780375822421 (trade) | ||
| 040 |
_aBR-BrIDEA _cBR-BrIDEA |
||
| 041 | _aeng | ||
| 082 | _aP Year 6 [Fic] | ||
| 090 |
_aP Year 6 [Fic] _bDAH |
||
| 092 | _a2002066074 | ||
| 100 | _aDahl, Roald. | ||
| 245 | 1 | 0 |
_aThe Twits _c Roald Dahl |
| 250 | _aRev. ed. | ||
| 260 |
_a[s.l.] _bKnopf : _c2002 |
||
| 300 | _a76 p. | ||
| 697 | _aHumorous fiction. | ||
| 697 | _aHumorous stories. | ||
| 856 | _u00001d/00001de6.jpg | ||
| 942 |
_cBK _2udc |
||
| 999 |
_c111499 _d111499 |
||